000 00514nam a2200181Ia 4500
003 GCL
008 140319s9999 xx 000 0 ara d
040 _aGCL /
_cGCL
082 0 4 _a327.2
_bع ت
100 1 _aعزالدين فوده
245 1 0 _aالنظم الدبلوماسية /
_cعزالدين فوده
260 _a[S.N] :
_bمكتبة الاداب ،
_c1989
300 _a271 ص
490 _a
650 0 4 _aالدبلوماسية
650 0 4 _aالتاريخ الدبلوماسى
942 _2ddc
_cBK
999 _c43515
_d43515